00781nam a22002297a 450000500170000001000130001702000220003003500130005203700160006504000120008108200160009310000290010924501390013826000340027727000290031130000320034050000520037265000410042465000470046570000190051270000200053120170124110022.0 aA-057611 a0713703741c00.00 aA-057611 bCen Lib/Ret aDPLbEN a582.13bCHR aChristiansen, M. Skytte  aThe pocket encyclopaedia of wild flowers in colour /cby M. Skytte Christiansen; edited by Vera Higgins; illustrated by Henning Anthon aLondonbBlandford Pressc1962 a167 High HolbornbLondon a232p.:c20cm(Hb)bcol. ill. aIncludes bibliographical references and index  aBotany -- Denmark -- Pictorial works aBotany -- Great Britain -- Pictorial works aHiggins, Vera  aAnthon, Henning